| 000 | 00574cam a22001811 4500 | ||
|---|---|---|---|
| 082 |
_a624.193 _bDEA _cL-16, P-3. |
||
| 100 | 1 |
_aDean, F. E. _943344 |
|
| 245 | 0 | 0 |
_aTunnels and tunnelling. _cIllustrated by Kenneth M. Sibley. |
| 260 |
_aLondon, _bF. Muller _c[1962] |
||
| 300 |
_a144 p. _billus. _c19 cm. |
||
| 490 | 0 | _aThe Mechanical age library | |
| 500 | _aStamped on t.p.: Distributed by Sportshelf, New Rochelle, N.Y. | ||
| 526 |
_a0 _b0 _c0 _d624_193000000000000_DEA |
||
| 650 | 0 |
_aMCE _9379 |
|
| 650 | 0 |
_aTunneling _924742 |
|
| 650 | 0 |
_aTunnels _943345 |
|
| 942 |
_2ddc _cBK |
||
| 999 |
_c547164 _d547164 |
||